| 000 | 00828cpmaa2200229 4500 | ||
|---|---|---|---|
| 001 | mm 82004111 | ||
| 003 | DLC | ||
| 005 | 20260227111711.0 | ||
| 008 | 820329|||||||||||| ger | ||
| 010 | _amm 82004111 | ||
| 040 |
_aDLC _cDLC _edacs _dDLC |
||
| 072 | 7 |
_aL _2lcmd |
|
| 100 | 1 | _aBarth, M. | |
| 245 | 0 | 0 |
_aHerrn M Barths Predigt am 17 Sontage nach Trinitatis 1748 In der Peters Kirche zu Leipzig gehalten : _ksermon, _f1748. |
| 300 |
_a1 _fitem. |
||
| 506 | 0 | _aOpen to research. | |
| 546 | _aCollection material in German. | ||
| 580 | _aForms part of: Miscellaneous Manuscripts collection. | ||
| 650 | 0 | _aSermons. | |
| 999 |
_c43387 _d43387 |
||